000 00811nam a2200193Ia 4500
003 GCL
008 140319s9999 xx 000 0 ara d
040 _aGCL /
_cGCL
082 0 4 _a808.068
_bت م
100 1 _aتغريد محمد القدسى
245 1 0 _aمنذ نعومة اظفارهم :
_bادب الاطفال العربى الحديث فى القرن العشرين /
_cتغريد محمد القدسى
260 _aالكويت :
_bالجمعية الكويتية لتقدم الطفولة العربية ،
_c1992
300 _a168ص ؛
_c24 سم
490 _aسلسلة الدراسات العلمية الموسمية المتخصصة
_v18
650 0 4 _aالادب العربى
650 0 4 _aادب الاطفال
650 0 4 _aادب الاطفال - تاريخ ونقد
942 _2ddc
_cBK
999 _c44515
_d44515